000 00304nam a2200121Ia 4500
008 190905s9999||||xx |||||||||||||| ||und||
020 _a978-0-12-812275-4
100 _aDavid A. Patterson
245 0 _aComputer Organization and Design
260 _aNew York
_bElsevier
_c2018
300 _a650
942 _cBK
999 _c5828
_d5828